000 00264nam a22001097a 4500
008 170118b xxu||||| |||| 00| 0 eng d
020 _a9780803612020
041 _aeng
080 _23RD
_a618.2
245 _aFAMILY HEALTH CARE NURSING
_cHANSON, SH.M
942 _2udc
_cBK
999 _c3084
_d3084